00577nam a22001577a 450000500170000002000230001703500130004003700130005324500670006626000480013330000230018170000360020494200270024099900170026795201350028420120502124230.0 a8180691705c550.00 aB-167365 aDPLbENG aElectoral reforms in India /cedited by Anjoo Sharan Upadhyaya aNew DelhibConcept Publishing Companyc2005 axv, 294p.c20 cms. aUpadhyaya, Anjoo Sharan 946203 2ddccENh324.0954mELE c65979d65979 001040708NFICaZLSbZLSd2012-05-02g550.00l2o324.0954 ELEpB-167365r2019-03-30 00:00:00s2019-03-16v550.00w2012-05-02yEN